Principios de finanzas corporativas (Registro nro. 33662)

Detalles MARC
000 -CABECERA
Longitud fija campo de control 00928nam a22002417a 4500
003 - IDENTIFICADOR DELl NÚMERO DE CONTROL
Identificador del número de control OSt
005 - FECHA Y HORA DE LA ÚLTIMA TRANSACCIÓN
Fecha y hora de la última transacción 20230220152400.0
008 - CÓDIGOS DE INFORMACIÓN DE LONGITUD FIJA
Códigos de información de longitud fija 180115b xxu||||| |||| 00| 0 eng d
020 ## - NÚMERO INTERNACIONAL NORMALIZADO PARA LIBROS
Número Internacional Normalizado para Libros (ISBN) 978-1-4562-7717-8
040 ## - FUENTE DE LA CATALOGACIÓN
Centro catalogador de origen BMC
Centro transcriptor BMC
082 ## - NÚMERO DE LA CLASIFICACIÓN DECIMAL DEWEY
Númeroo de clasificación 658.15
100 1# - PUNTO DE ACCESO PRINCIPAL-NOMBRE DE PERSONA
9 (RLIN) 42111
Nombre de persona Brealey, Richard A.‏
245 10 - MENCIÓN DE TÍTULO
Título Principios de finanzas corporativas
Mención de responsabilidad, etc. Richard A. Brealey, Stewart C. Meyers, Franklin Allen; revisión técnica, Juliana Gudiño Antillón, María de las Mercedes Adamuz Peña, Janko Hernández Cortés ; [traducción, Prisciliano Antonio Enríquez Brito ]
250 ## - MENCIÓN DE EDICIÓN
Mención de edición 13ª ed
260 ## - PUBLICACIÓN, DISTRIBUCIÓN, ETC. (PIE DE IMPRENTA)
Lugar de publicación, distribución, etc. México D.F. [etc.]
Nombre del editor, distribuidor, etc. McGraw-Hill
Fecha de publicación, distribución, etc. 2020
300 ## - DESCRIPCIÓN FÍSICA
Extensión XXV, 918, [36] p.
Dimensiones 27 cm
500 ## - NOTA GENERAL
Nota general Contiene índice.
650 24 - PUNTO DE ACCESO ADICIONAL DE MATERIA - TÉRMINO DE MATERIA
9 (RLIN) 5713
Término de materia o nombre geográfico como elemento inicial Empresas
Subdivisión de materia general Finanzas
700 1# - PUNTO DE ACCESO ADICIONAL - NOMBRE DE PERSONA
9 (RLIN) 42114
Nombre de persona Myers, Stewart C.‏
700 1# - PUNTO DE ACCESO ADICIONAL - NOMBRE DE PERSONA
9 (RLIN) 42113
Nombre de persona Allen, Franklin
700 1# - PUNTO DE ACCESO ADICIONAL - NOMBRE DE PERSONA
9 (RLIN) 42117
Nombre de persona Gudiño Antillón, Juliana‏
942 ## - ENTRADA DE ELEMENTOS AGREGADOS (KOHA)
Fuente de clasificaión o esquema Dewey Decimal Classification
Koha [por defecto] tipo de item 1- Monografias
Parte de clasificación prozim
Existencias
Suprimido Perdido Fuente de clasificación o esquema Estropeado Restricciones de uso No para préstamo Código de colección Localización permanente Localización actual Localización en estanter&íacute;as Fecha adquisición Fuente de adquisición Número de inventario Préstamos totales Renovaciones totales Signatura completa Código de barras Fecha última consulta Fecha último préstamo Fecha del precio de reemplazo Tipo de item de Koha
NULL NULL Dewey Decimal Classification NULL Prestable NULL NULL Biblioteca Centro Regional de Ilobasco Biblioteca Centro Regional de Ilobasco Sala Principal 15/02/2023 BCRI LI005600 7 3 658.15 BRE pri 1050215 12/11/2024 01/11/2024 20/02/2023 1- Monografias
NULL NULL Dewey Decimal Classification NULL Prestable NULL NULL Biblioteca Centro Regional de Ilobasco Biblioteca Centro Regional de Ilobasco Sala Principal 15/02/2023 BCRI LI005601     658.15 BRE pri 1050216 20/02/2023   20/02/2023 1- Monografias
NULL NULL Dewey Decimal Classification NULL Prestable NULL NULL Biblioteca Centro Regional de Ilobasco Biblioteca Centro Regional de Ilobasco Sala Principal 15/02/2023 BCRI LI005623     658.15 BRE pri 1050237 20/02/2023   20/02/2023 1- Monografias